[Event "Reykjavik Open 2026"]
[Site "Reykjavik ISL"]
[Date "2026.03.28"]
[Round "6.178"]
[White "Rossiter, Philip E"]
[Black "Sverrisson, Dagur"]
[Result "1-0"]
[WhiteElo "1722"]
[BlackElo "1585"]
[WhiteFideId "4301455"]
[BlackFideId "2326175"]
[EventDate "2026.03.25"]

1. c4 e6 2. g3 d5 3. Bg2 Nf6 4. Nc3 Be7 5. Nf3 d4 6. Nb5 d3 7. O-O O-O 8. b3 Nc6
9. Bb2 a6 10. Nc3 e5 11. exd3 Qxd3 12. Nd5 Nxd5 13. cxd5 Qxd5 14. Nxe5 Qd6 15.
d4 Nxe5 16. dxe5 Qxd1 17. Rfxd1 c6 18. Rac1 Bg4 19. f3 Bf5 20. Kf2 Rfd8 21. Ke2
Rxd1 22. Rxd1 Rd8 23. Bd4 c5 24. Be3 Rxd1 25. Kxd1 Bb1 26. a4 Ba2 27. Kc2 c4 28.
bxc4 Bxc4 29. f4 b5 30. Kc3 f6 31. a5 Be6 32. Kb2 b4 33. Bf1 Bc8 34. Bc4+ Kf8
35. Kb3 Ke8 36. Bd2 fxe5 37. fxe5 Kd7 38. Bxb4 Bxb4 39. Kxb4 Kc6 40. e6 Kd6 41.
e7 Kxe7 42. Kc5 Kd7 43. Kb6 Kd6 44. Be2 Kd5 45. Kc7 Bh3 46. Bxa6 Kc5 47. Bb7 Bf1
48. a6 Bxa6 49. Bxa6 Kd5 50. Kd7 Ke5 51. Ke7 g5 52. Kf7 Kf5 53. Bc8+ Ke4 54. Kg7
h5 55. Kg6 h4 56. Kxg5 hxg3 57. hxg3 Ke5 58. Kh6 Kf6 59. g4 Kf7 60. g5 Kg8 61.
g6 Kh8 62. g7+ 1-0

[Event "Reykjavik Open 2026"]
[Site "Reykjavik ISL"]
[Date "2026.03.28"]
[Round "6.179"]
[White "Adalsteinsson, Hermann"]
[Black "Schroeder, Liam Maddox"]
[Result "1-0"]
[WhiteElo "1719"]
[BlackElo "1577"]
[WhiteFideId "2300591"]
[BlackFideId "34651020"]
[EventDate "2026.03.25"]

1. e4 d5 2. exd5 Qxd5 3. Nc3 Qd8 4. d4 Nf6 5. Nf3 Bg4 6. Be2 Bxf3 7. Bxf3 c6 8.
O-O e6 9. Be3 Nbd7 10. Ne2 Be7 11. c3 O-O 12. Ng3 Nd5 13. Bd2 Bg5 14. Re1 Bxd2
15. Qxd2 N7f6 16. h3 Qe7 17. Nf5 Qd8 18. Ng3 Rb8 19. c4 Nb6 20. b3 Qd7 21. Rad1
Rfd8 22. Qf4 Qd6 23. Qxd6 Rxd6 24. c5 Rdd8 25. cxb6 axb6 26. Ne4 Nxe4 27. Bxe4
Ra8 28. a4 Rd7 29. Re3 Rad8 30. Red3 f6 31. Kf1 g6 32. g4 c5 33. Ke2 cxd4 34. f4
e5 35. fxe5 fxe5 36. Rf1 Rc8 37. Kd2 Rdc7 38. Bd5+ Kg7 39. Bc4 Re7 40. Rdf3 Kh6
41. h4 Rcc7 42. Rf7 Rxf7 43. Rxf7 Rxf7 44. Bxf7 g5 45. hxg5+ Kxg5 46. Be6 h6 47.
Kd3 Kf4 48. Bf5 h5 49. Be4 hxg4 50. Bxb7 e4+ 51. Bxe4 Ke5 52. b4 g3 53. a5 bxa5
54. bxa5 Kd6 55. a6 Kc7 56. a7 Kd6 57. a8=Q Ke5 58. Qa5+ Kf4 59. Qf5# 1-0

[Event "Reykjavik Open 2026"]
[Site "Reykjavik ISL"]
[Date "2026.03.28"]
[Round "6.180"]
[White "Urbaniak, Andreas"]
[Black "Bajnath, Amresh"]
[Result "1-0"]
[WhiteElo "1697"]
[BlackElo "1529"]
[WhiteFideId "24685020"]
[BlackFideId "40114716"]
[EventDate "2026.03.25"]

1. e4 e6 2. d4 d5 3. exd5 exd5 4. g3 Nf6 5. Bg2 Be7 6. Nf3 O-O 7. O-O Re8 8. Nc3
c6 9. Re1 Nbd7 10. Bf4 Nb6 11. Ne5 Nc4 12. Nxc4 dxc4 13. Ne4 Nxe4 14. Bxe4 Be6
15. c3 c5 16. d5 f5 17. dxe6 Qxd1 18. Raxd1 fxe4 19. Rxe4 Rad8 20. Rd7 g5 21.
Bc7 Rc8 22. Rxc4 Kg7 23. Be5+ Kg6 24. g4 Rc6 25. Rxb7 Rxe6 26. Bg3 Bd6 27. Bxd6
Rxd6 28. Rxc5 Re4 29. Rb4 Re2 30. Kf1 Rde6 31. Kg2 h5 32. gxh5+ Kh6 33. Rbb5 Rf6
34. Rf5 Rxf5 35. Rxf5 Rxb2 36. Ra5 Kxh5 37. Rxa7 Rc2 38. a4 Rxc3 39. a5 Kg4 40.
a6 Ra3 41. Ra8 Ra4 42. a7 Ra3 43. h3+ Rxh3 44. Rf8 Ra3 45. a8=Q Rxa8 46. Rxa8 1-0

[Event "Reykjavik Open 2026"]
[Site "Reykjavik ISL"]
[Date "2026.03.28"]
[Round "6.181"]
[White "Blomkvist, Kenneth"]
[Black "Patel, Parisa"]
[Result "0-1"]
[WhiteElo "1685"]
[BlackElo "1498"]
[WhiteFideId "1772759"]
[BlackFideId "343410065"]
[EventDate "2026.03.25"]

1. e4 c5 2. Nf3 g6 3. d4 cxd4 4. Nxd4 Bg7 5. Nc3 Nc6 6. Be3 d6 7. Bc4 Nf6 8. Bb3
O-O 9. f3 Bd7 10. h4 Rc8 11. Qd2 Ne5 12. Bh6 Nc4 13. Bxc4 Rxc4 14. Bxg7 Kxg7 15.
O-O-O Qb6 16. h5 e5 17. Nf5+ Bxf5 18. exf5 Nxh5 19. Nd5 Qd8 20. Rxh5 gxh5 21.
f6+ Kh8 22. Qh6 Rg8 23. Ne7 Rxg2 24. c3 Rh4 25. Rd2 Rhh2 26. Rxg2 Rxg2 27. Qxh5
Qf8 28. Qh3 Rf2 29. Qg3 Qh6+ 30. Kb1 Qh1+ 0-1

[Event "Reykjavik Open 2026"]
[Site "Reykjavik ISL"]
[Date "2026.03.28"]
[Round "6.182"]
[White "Jonatansson, Sigurdur Freyr"]
[Black "Skulason, Robert Heidar"]
[Result "1-0"]
[WhiteElo "1684"]
[BlackElo "1474"]
[WhiteFideId "2303116"]
[BlackFideId "2332825"]
[EventDate "2026.03.25"]

1. e4 e5 2. Nf3 Nc6 3. Bb5 Bc5 4. c3 d6 5. d4 exd4 6. cxd4 Bb4+ 7. Bd2 Bxd2+ 8.
Qxd2 Bg4 9. Qc3 Ne7 10. d5 a6 11. dxc6 axb5 12. cxb7 Rb8 13. Qxg7 Ng6 14. Qc3
Bxf3 15. Qxf3 Qg5 16. Nc3 Rxb7 17. g3 Ne5 18. Qe2 f6 19. f4 Qg6 20. fxe5 fxe5
21. O-O c6 22. a4 b4 23. Qa6 Rd7 24. Qc8+ Rd8 25. Qxc6+ Rd7 26. Nd5 1-0

[Event "Reykjavik Open 2026"]
[Site "Reykjavik ISL"]
[Date "2026.03.28"]
[Round "6.195"]
[White "Jonsdottir, Halldora"]
[Black "Karlsson, Sighvatur"]
[Result "1-0"]
[WhiteElo "1593"]
[BlackElo "1544"]
[WhiteFideId "2321939"]
[BlackFideId "2307936"]
[EventDate "2026.03.25"]

1. e4 c5 2. Nf3 e6 3. d4 d5 4. Nc3 dxe4 5. Nxe4 cxd4 6. Qxd4 Qe7 7. Bf4 Qb4+ 8.
Qxb4 Bxb4+ 9. c3 Be7 10. Nd6+ Bxd6 11. Bxd6 Nc6 12. Bb5 Bd7 13. O-O-O Nf6 14.
Rhe1 a6 15. Ba4 b5 16. Bb3 Na5 17. Nd4 Rc8 18. f4 Nc4 19. Bxc4 Rxc4 20. f5 Kd8
21. fxe6 fxe6 22. Nxe6+ Bxe6 23. Rxe6 Re8 24. Bg3+ Kc8 25. Rxa6 Re2 26. Rb6 Rc5
27. Rb8# 1-0

[Event "Reykjavik Open 2026"]
[Site "Reykjavik ISL"]
[Date "2026.03.28"]
[Round "6.196"]
[White "Schram Theodor Noel"]
[Black "Barlage, Stefan"]
[Result "0-1"]
[WhiteElo "1460"]
[BlackElo "1571"]
[WhiteFideId "2331209"]
[BlackFideId "34698558"]
[EventDate "2026.03.25"]

1. e4 c6 2. d4 d5 3. Nc3 dxe4 4. Nxe4 Bf5 5. Bd3 Bxe4 6. Bxe4 Nf6 7. Qd3 Nbd7 8.
Nf3 Nxe4 9. Qxe4 Nf6 10. Qd3 e6 11. O-O Be7 12. b3 Qc7 13. Bb2 Rd8 14. Qc3 Nd5
15. Qd2 h5 16. Rfe1 Nf6 17. Ng5 O-O 18. Qd3 Qf4 19. Bc1 Qxd4 20. Qg3 Qd1 21. Ba3
Qxa1 22. Rxa1 Bxa3 23. Re1 Rfe8 24. Ne4 Nxe4 25. Qh4 Nf6 26. f3 Bc5+ 27. Kf1 Rd2
28. Re2 Rd4 29. Qg5 Bb4 30. g4 Red8 31. gxh5 Rd1+ 32. Kf2 R8d5 33. Qg3 Bc5+ 34.
Re3 R5d2# 0-1

[Event "Reykjavik Open 2026"]
[Site "Reykjavik ISL"]
[Date "2026.03.29"]
[Round "7.106"]
[White "Hanisch, Sebastian"]
[Black "Jarabek, Milan"]
[Result "1/2-1/2"]
[WhiteElo "1984"]
[BlackElo "1804"]
[WhiteFideId "24668150"]
[BlackFideId "14928264"]
[EventDate "2026.03.25"]

1. d4 d5 2. Bf4 c6 3. e3 Nf6 4. c4 Qb6 5. Qb3 Qxb3 6. axb3 Bf5 7. c5 a6 8. Nc3
Nbd7 9. b4 Nh5 10. b5 Nxf4 11. exf4 cxb5 12. Nxd5 O-O-O 13. Ne3 e6 14. g4 Be4
15. f3 Bc6 16. Bg2 Nf6 17. Ne2 Nd5 18. Kf2 g6 19. Rad1 Bh6 20. Nxd5 Bxd5 21. Ke3
Rhe8 22. g5 Bg7 23. h4 Rd7 24. h5 Bc4 25. hxg6 hxg6 26. Nc1 Red8 27. b3 Bxd4+
28. Rxd4 Rxd4 29. bxc4 Rxc4 30. Nd3 Rc3 31. Bf1 b4 32. Rh2 b3 33. Rb2 a5 34. Kd2
Rxc5 35. Rxb3 b5 36. Ke3 Rcd5 37. Ne5 a4 38. Rxb5 Rxb5 39. Bxb5 a3 40. Bc4 Rd1
41. Nxf7 Rc1 42. Bxe6+ Kc7 43. Ne5 Rb1 44. Kd2 Rb2+ 45. Kc3 Kd6 46. Bc4 Rf2 47.
Nxg6 a2 48. Bxa2 Rxa2 49. f5 Ra5 50. f6 Ra3+ 51. Kd4 Rxf3 52. Nh8 Ke6 53. f7
Rxf7 54. Nxf7 Kxf7 1/2-1/2

[Event "Reykjavik Open 2026"]
[Site "Reykjavik ISL"]
[Date "2026.03.29"]
[Round "7.115"]
[White "Magnusdottir, Veronika Steinunn"]
[Black "Omarsson, Adam"]
[Result "0-1"]
[BlackTitle "CM"]
[WhiteElo "1711"]
[BlackElo "1961"]
[WhiteFideId "2309114"]
[BlackFideId "2311453"]
[EventDate "2026.03.25"]

1. e4 d6 2. d4 g6 3. f4 Bg7 4. Nf3 Nf6 5. Nc3 c5 6. Bb5+ Nfd7 7. Be3 a6 8. Bc4
O-O 9. a4 b6 10. f5 Nc6 11. fxg6 hxg6 12. Qd2 cxd4 13. Nxd4 Nxd4 14. Bxd4 Ne5
15. Bd5 Rb8 16. O-O e6 17. Bb3 Bb7 18. Rad1 Qh4 19. Bxb6 Bxe4 20. Rf4 Qe7 21.
Qxd6 Qxd6 22. Rxd6 Bf5 23. Bc5 Rfc8 24. Ba3 Bf8 25. Ne4 Bh6 26. Rh4 Be3+ 27. Nf2
Rxb3 28. Kf1 Bxc2 29. Rb4 Rxb4 30. Bxb4 Bxf2 31. Kxf2 Nd3+ 0-1

[Event "Reykjavik Open 2026"]
[Site "Reykjavik ISL"]
[Date "2026.03.29"]
[Round "7.118"]
[White "Zhu, Aiden"]
[Black "Dunn, Maxim"]
[Result "1/2-1/2"]
[WhiteElo "1651"]
[BlackElo "1941"]
[WhiteFideId "2654288"]
[BlackFideId "456551"]
[EventDate "2026.03.25"]

1. d4 d5 2. Bg5 g6 3. Bh4 Nh6 4. e3 Nf5 5. Bg3 h5 6. h3 Nxg3 7. fxg3 Qd6 8. Kf2
Nc6 9. c4 dxc4 10. Bxc4 Bf5 11. Nc3 O-O-O 12. Qa4 e5 13. d5 Nb4 14. Qxa7 Nc2 15.
Bb5 c6 16. dxc6 Qd2+ 17. Nge2 Qxe3+ 18. Qxe3 Nxe3 19. Kxe3 Bc5+ 20. Kf3 Rd2 21.
Rhd1 Rxb2 22. Bd3 Bxd3 23. Rxd3 g5 24. Rd5 Bb6 25. Rb1 e4+ 26. Kxe4 Re8+ 27. Kf5
Rxb1 28. Nxb1 Rxe2 29. Kf6 1/2-1/2

[Event "Reykjavik Open 2026"]
[Site "Reykjavik ISL"]
[Date "2026.03.29"]
[Round "7.140"]
[White "Spagnoli, Benjamin"]
[Black "Frederick, Benjamin"]
[Result "1/2-1/2"]
[WhiteElo "1890"]
[BlackElo "1681"]
[WhiteFideId "20667116"]
[BlackFideId "39936180"]
[EventDate "2026.03.25"]

1. e4 e5 2. Nf3 Nc6 3. d4 exd4 4. Nxd4 Nf6 5. Nxc6 bxc6 6. e5 Qe7 7. Qe2 Nd5 8.
h4 d6 9. c4 Nb6 10. exd6 cxd6 11. Nc3 Qxe2+ 12. Bxe2 Be6 13. b3 g6 14. Bf4 Bg7
15. Rc1 d5 16. c5 Nd7 17. Bd6 Be5 18. Bxe5 Nxe5 19. O-O O-O 20. Ba6 Rab8 21.
Rfe1 Nd7 22. Ne2 Rb4 23. g3 Nf6 24. Nf4 Bd7 25. Nd3 Rbb8 26. Ne5 Rfe8 27. Kg2
Kf8 28. Re3 Re6 29. a3 Bc8 30. Bxc8 Rxc8 31. f4 Ne4 32. b4 f6 33. Nf3 a6 34. Nd4
Re7 35. f5 Rb7 36. Rf1 a5 37. b5 cxb5 38. c6 Rb6 39. fxg6 hxg6 40. h5 gxh5 41.
Rf5 Rbxc6 42. Nxc6 Rxc6 43. Rxd5 Nc3 44. Rxh5 b4 45. Rxa5 bxa3 46. Rxa3 Nd5 47.
Red3 Rc5 48. Ra7 Rb5 49. Kf3 Ne7 50. Rd6 Kf7 51. g4 Re5 52. Kf4 Re1 53. Raa6
Ng6+ 54. Kg3 Rf1 55. g5 Rg1+ 56. Kf2 Rxg5 57. Rxf6+ Kg7 58. Rfb6 Rg4 59. Ra7+
Kh6 60. Kf3 Rg1 61. Ra8 Kh5 62. Ra2 Kg5 63. Rh2 Rf1+ 64. Ke2 Rg1 65. Kf2 Rg4 66.
Rg2 Rxg2+ 67. Kxg2 Kf4 68. Kf2 Ne5 69. Rb5 Ke4 70. Rb8 Kf5 1/2-1/2

[Event "Reykjavik Open 2026"]
[Site "Reykjavik ISL"]
[Date "2026.03.30"]
[Round "8.1"]
[White "Wadsworth, Matthew J"]
[Black "Tabatabaei, M. Amin"]
[Result "1/2-1/2"]
[WhiteTitle "GM"]
[BlackTitle "GM"]
[WhiteElo "2522"]
[BlackElo "2700"]
[WhiteFideId "415804"]
[BlackFideId "12521213"]
[EventDate "2026.03.25"]

1. d4 Nf6 2. c4 e6 3. Nf3 d5 4. g3 Bd6 5. Bg2 O-O 6. O-O h6 7. Qc2 b6 8. cxd5
exd5 9. Nc3 Re8 10. Bf4 Bxf4 11. gxf4 Nc6 12. e3 Ne7 13. Ne5 c6 14. Rac1 Qd6 15.
Ne2 Bf5 16. Qd1 g6 17. Ng3 Be6 18. Rc3 h5 19. h4 Rac8 20. Qa4 Rc7 21. Rfc1 Rec8
22. Bf1 c5 23. b3 cxd4 24. Rxc7 Rxc7 25. Rxc7 Qxc7 26. Qxd4 Ne8 27. Bd3 Nd6 28.
Nf3 Nc6 29. Qf6 Qe7 30. Qxe7 Nxe7 31. Nd4 Bd7 32. Kf1 Kg7 33. f3 Nc6 34. Nxc6
Bxc6 35. Ke2 Bb5 36. Bxb5 Nxb5 37. Kd3 Kf6 38. a4 Nd6 39. Kd4 Ke6 40. e4 dxe4
41. fxe4 a5 42. f5+ gxf5 43. e5 f4 44. Nxh5 Nf5+ 45. Ke4 Ng3+ 46. Nxg3 fxg3 47.
Kf3 Kxe5 48. Kxg3 Ke4 49. Kg4 f5+ 50. Kg3 Ke3 51. Kg2 Ke2 52. Kg3 Ke3 53. Kg2
Ke2 54. Kg3 1/2-1/2

[Event "Reykjavik Open 2026"]
[Site "Reykjavik ISL"]
[Date "2026.03.30"]
[Round "8.2"]
[White "Deac, Bogdan-Daniel"]
[Black "Cornette, Matthieu"]
[Result "1/2-1/2"]
[WhiteTitle "GM"]
[BlackTitle "GM"]
[WhiteElo "2655"]
[BlackElo "2535"]
[WhiteFideId "1226380"]
[BlackFideId "620084"]
[EventDate "2026.03.25"]

1. Nf3 d5 2. g3 Nf6 3. Bg2 e6 4. O-O Bd6 5. d3 O-O 6. Nbd2 e5 7. e4 dxe4 8. dxe4
Nc6 9. Qe2 Qe7 10. c3 a5 11. Nc4 Bc5 12. Ne3 Rd8 13. Nh4 Be6 14. Nhf5 Qf8 15. a4
g6 16. Nh4 Rd7 17. Kh1 Re8 18. h3 Red8 19. Kh2 Qe7 20. Re1 Kh8 21. Kg1 Qf8 22.
Qc2 Ne7 23. Nf3 Nc6 24. Ng5 Nh5 25. Kh2 h6 26. Nxe6 fxe6 27. Qe2 Rf7 28. Ng4
Bxf2 29. Nxf2 Rxf2 30. Qe3 g5 31. Re2 Rf6 32. Rd2 Rf7 33. Rxd8 Qxd8 34. Qe2 Nf6
35. Be3 Ne8 36. Rd1 Nd6 37. Qh5 Kg7 38. h4 Qf6 39. hxg5 hxg5 40. Bxg5 Qg6 41.
Qxg6+ Kxg6 42. Bc1 Nb8 43. b3 Nd7 44. Ba3 Nf6 45. Re1 Ng4+ 46. Kg1 Rf2 47. Bh3
Rf3 48. Kg2 Rf2+ 49. Kg1 Rf3 50. Kg2 Rf2+ 51. Kg1 1/2-1/2

[Event "Reykjavik Open 2026"]
[Site "Reykjavik ISL"]
[Date "2026.03.30"]
[Round "8.3"]
[White "Brodsky, David"]
[Black "Ivanchuk, Vasyl"]
[Result "0-1"]
[WhiteTitle "GM"]
[BlackTitle "GM"]
[WhiteElo "2505"]
[BlackElo "2624"]
[WhiteFideId "2073250"]
[BlackFideId "14100010"]
[EventDate "2026.03.25"]

1. e4 e5 2. Nf3 Nc6 3. Bb5 Nf6 4. d3 Bc5 5. Bxc6 dxc6 6. O-O Bd6 7. Nbd2 Be6 8.
d4 Nd7 9. dxe5 Nxe5 10. Nxe5 Bxe5 11. f4 Bd4+ 12. Kh1 f5 13. Qh5+ g6 14. Qe2 O-O
15. Nf3 Bf6 16. Rd1 Qe8 17. e5 Be7 18. Be3 c5 19. Bf2 Qa4 20. Bg3 h6 21. Bh4
Bxh4 22. Nxh4 Kh7 23. Qf2 b6 24. b3 Qe8 25. Rd3 Rd8 26. Rad1 Rxd3 27. Rxd3 g5
28. fxg5 hxg5 29. Nf3 Rg8 30. h4 Qh5 31. Kg1 gxh4 32. Nxh4 Rg4 33. Rh3 Kg7 34.
Kh2 Qg5 35. c4 Bc8 36. Nf3 Qf4+ 37. Kh1 Bb7 38. e6 Bxf3 39. Qxf3 Qxf3 40. Rxf3
Kf6 41. Rh3 Rg7 42. Rh6+ Kg5 43. Rh8 Re7 44. Kg1 Rxe6 45. Kf2 Re7 46. g3 Kf6 47.
Kf3 Ke5 48. Rd8 Rg7 49. Rd5+ Ke6 50. Rd8 Rh7 51. Re8+ Kf6 52. Rc8 Ke5 53. Ke3
Rh2 54. Rxc7 Rxa2 55. Re7+ Kf6 56. Rh7 Ra3 57. Kf4 Rxb3 58. Rh6+ Ke7 59. Rg6 Kf7
60. Rc6 Ke7 61. Rg6 a5 62. Kxf5 a4 63. Ke5 Kf7 64. Rf6+ Kg7 65. Rc6 a3 66. g4 a2
67. Rc7+ Kg6 68. Ra7 Rb2 69. Kf4 Rc2 70. Kg3 Kf6 71. Ra8 Ke5 72. Ra4 Kd4 73. g5
Ke5 74. g6 Kf6 75. Ra6 Kxg6 76. Kf3 Kf5 77. Ke3 Rxc4 0-1

[Event "Reykjavik Open 2026"]
[Site "Reykjavik ISL"]
[Date "2026.03.30"]
[Round "8.4"]
[White "Razafindratsima, Timothe"]
[Black "Zhou, Jianchao"]
[Result "0-1"]
[WhiteTitle "IM"]
[BlackTitle "GM"]
[WhiteElo "2504"]
[BlackElo "2584"]
[WhiteFideId "36069884"]
[BlackFideId "8603537"]
[EventDate "2026.03.25"]

1. e4 c5 2. Nf3 Nc6 3. Nc3 e6 4. d4 cxd4 5. Nxd4 Qc7 6. Be3 a6 7. a3 b5 8. Nxc6
Qxc6 9. h4 Nf6 10. h5 Nxe4 11. Nxe4 Qxe4 12. Qd2 b4 13. axb4 Bxb4 14. c3 Bc5 15.
Rh3 O-O 16. h6 g6 17. Bd3 Qxg2 18. Bxc5 Qxh3 19. Be4 d5 20. Bxf8 Qg4 21. Bd3
Kxf8 22. c4 Bd7 23. Be2 Qh4 24. Ra5 Qh1+ 25. Bf1 Qe4+ 26. Be2 Qb1+ 27. Bd1 Rb8
28. Rxa6 Qxb2 29. Qxb2 Rxb2 30. c5 Rb8 31. c6 Be8 32. Ba4 Rc8 33. f4 Ke7 34. Kd2
Kd6 35. c7+ Ke7 36. Bc2 Rxc7 37. Bd3 f6 38. Ra8 e5 39. fxe5 fxe5 40. Ke3 d4+ 41.
Kd2 Bc6 42. Ra6 e4 43. Bc4 Bd7 0-1

[Event "Reykjavik Open 2026"]
[Site "Reykjavik ISL"]
[Date "2026.03.30"]
[Round "8.5"]
[White "Ruiz Buendia, Miguel"]
[Black "Stefansson, Vignir Vatnar"]
[Result "0-1"]
[WhiteTitle "FM"]
[BlackTitle "GM"]
[WhiteElo "2279"]
[BlackElo "2511"]
[WhiteFideId "24537675"]
[BlackFideId "2308649"]
[EventDate "2026.03.25"]

1. e4 c5 2. Nf3 Nf6 3. e5 Nd5 4. Nc3 e6 5. Ne4 f5 6. Nc3 Nb4 7. d4 cxd4 8. Nxd4
N4c6 9. Bf4 Nxd4 10. Qxd4 Nc6 11. Qd2 a6 12. g4 fxg4 13. O-O-O Qa5 14. Rg1 Nxe5
15. Bxe5 Qxe5 16. Rxg4 Be7 17. f4 Qf6 18. Bd3 d5 19. f5 Bd7 20. Rf1 O-O 21. Qg2
exf5 22. Kb1 Qe5 23. Rgf4 Be6 24. Bxf5 Rxf5 25. Rxf5 Bxf5 26. Qxd5+ Qxd5 27.
Nxd5 Bd6 28. Rxf5 Re8 29. b4 Bxh2 30. c4 Re2 31. a4 g6 32. Rf6 Bg1 33. c5 Rd2
34. Rd6 Kf7 35. Kc1 Rd4 36. Kc2 Bh2 37. Rd7+ Ke6 38. Rxh7 Kxd5 39. Rxh2 Rxb4 40.
Kc3 Rxa4 41. Rb2 Rc4+ 42. Kd3 Rxc5 43. Rxb7 Rc6 44. Rb4 Kc5 45. Kc3 g5 46. Rg4
Rg6 47. Kd3 a5 48. Kc3 Kb5 49. Kb3 Rg8 50. Ka3 Kc5 51. Kb3 Kd5 52. Kc3 Ke5 53.
Kd3 Kf5 54. Ra4 Re8 55. Rxa5+ Kf4 56. Ra1 g4 57. Rf1+ Kg3 58. Kd4 0-1

[Event "Reykjavik Open 2026"]
[Site "Reykjavik ISL"]
[Date "2026.03.30"]
[Round "8.6"]
[White "Andersen, Mads"]
[Black "Narva, Mai"]
[Result "1-0"]
[WhiteTitle "GM"]
[BlackTitle "IM"]
[WhiteElo "2562"]
[BlackElo "2413"]
[WhiteFideId "1413864"]
[BlackFideId "4500512"]
[EventDate "2026.03.25"]

1. e4 c6 2. d4 d5 3. e5 c5 4. Nf3 cxd4 5. Qxd4 Nc6 6. Qf4 e6 7. Bd3 Nb4 8. Bd2
Nxd3+ 9. cxd3 h5 10. Nc3 Bd7 11. Ne2 Bb5 12. Qe3 Nh6 13. Nfd4 Bd7 14. h3 a5 15.
Rc1 h4 16. O-O Be7 17. Qf3 Qb8 18. Bf4 O-O 19. Qe3 Kh7 20. Bg5 Bxg5 21. Qxg5 f6
22. exf6 gxf6 23. Qxh4 e5 24. Nf3 Qd6 25. Rfe1 Bb5 26. d4 e4 27. Ng3 Bd7 28. Nh2
f5 29. Nh5 Rac8 30. Rxc8 Bxc8 31. Rc1 Bd7 32. Qg5 Qg6 33. Qxg6+ Kxg6 34. Nf4+
Kg5 35. h4+ Kf6 36. Nxd5+ Ke6 37. Nf4+ Kd6 38. Nf1 b5 39. Ne3 Ng8 40. Rc5 a4 41.
Ng6 Rf6 42. Ne5 Ne7 43. Nxd7 Kxd7 44. Rxb5 f4 45. Nd5 Rd6 46. Nxe7 Kxe7 47. Re5+ 1-0

[Event "Reykjavik Open 2026"]
[Site "Reykjavik ISL"]
[Date "2026.03.30"]
[Round "8.7"]
[White "Yip, Carissa"]
[Black "Xiao, Tong(QD)"]
[Result "0-1"]
[WhiteTitle "IM"]
[BlackTitle "GM"]
[WhiteElo "2486"]
[BlackElo "2555"]
[WhiteFideId "2090732"]
[BlackFideId "8622388"]
[EventDate "2026.03.25"]

1. e4 c5 2. Nf3 d6 3. d4 cxd4 4. Nxd4 Nf6 5. Nc3 a6 6. Bg5 Nbd7 7. Qe2 b5 8. f4
e5 9. O-O-O Qc7 10. fxe5 dxe5 11. Nf5 Bb7 12. Kb1 g6 13. Nh6 b4 14. Nd5 Nxd5 15.
exd5 Bd6 16. g3 Rf8 17. Bh3 f6 18. Be3 f5 19. Bg5 Nb6 20. Rhf1 Qc4 21. Qxc4 Nxc4
22. Bc1 Ke7 23. Bg2 Kd7 24. b3 Na3+ 25. Bxa3 bxa3 26. g4 f4 27. g5 a5 28. Ng4
Ba6 29. Rf2 Bc5 30. Rfd2 Kd6 31. Nf6 Rxf6 32. gxf6 Rf8 33. c4 Rxf6 34. Be4 f3
35. Rd3 f2 36. Rf3 Rxf3 37. Bxf3 Bc8 38. Kc2 Bf5+ 39. Kd2 e4 40. Bg2 Bg4 0-1

[Event "Reykjavik Open 2026"]
[Site "Reykjavik ISL"]
[Date "2026.03.30"]
[Round "8.8"]
[White "Sanal, Vahap"]
[Black "Sochacki, Christophe"]
[Result "1-0"]
[WhiteTitle "GM"]
[BlackTitle "GM"]
[WhiteElo "2551"]
[BlackElo "2459"]
[WhiteFideId "6300545"]
[BlackFideId "662569"]
[EventDate "2026.03.25"]

1. Nf3 c5 2. b3 d5 3. e3 Nf6 4. Bb2 g6 5. c4 dxc4 6. Bxc4 Bg7 7. O-O O-O 8. d4
Ne4 9. Qc2 Nd6 10. Be2 cxd4 11. Bxd4 Nc6 12. Bxg7 Kxg7 13. Nc3 Qa5 14. Qb2 Kg8
15. Rac1 Be6 16. Na4 Rac8 17. Nc5 Bg4 18. a3 b5 19. h3 Bxf3 20. Bxf3 b4 21. Bxc6
bxa3 22. Qa1 Rxc6 23. Ne6 fxe6 24. Rxc6 Rb8 25. Rfc1 Qb4 26. Ra6 Nb5 27. Qe5 Rf8
28. Qxe6+ Rf7 29. Ra4 Qd6 30. Qxd6 exd6 31. Ra5 Rb7 32. Rc4 Rb6 33. Rb4 a6 34.
Rxa3 1-0

[Event "Reykjavik Open 2026"]
[Site "Reykjavik ISL"]
[Date "2026.03.30"]
[Round "8.9"]
[White "Kjartansson, Gudmundur"]
[Black "Amar, Elham"]
[Result "0-1"]
[WhiteTitle "GM"]
[BlackTitle "GM"]
[WhiteElo "2416"]
[BlackElo "2581"]
[WhiteFideId "2301318"]
[BlackFideId "1533533"]
[EventDate "2026.03.25"]

1. e4 c5 2. Nf3 Nc6 3. Nc3 e6 4. d4 cxd4 5. Nxd4 Qc7 6. Be3 a6 7. Qd2 Nf6 8.
O-O-O Bb4 9. f3 Ne7 10. g4 d5 11. g5 Nd7 12. Nde2 dxe4 13. fxe4 b5 14. a3 Bc5
15. Bxc5 Nxc5 16. Nf4 Bb7 17. Bg2 O-O 18. Qd6 Rac8 19. h4 Nc6 20. Qxc7 Rxc7 21.
Nd3 Nd7 22. Rd2 Na5 23. Nb4 Nc4 24. Rd4 Nde5 25. Nba2 Rfc8 26. Rhd1 Kf8 27. Rd8+
Ke7 28. Rxc8 Rxc8 29. Re1 h6 30. b3 Nd6 31. Re3 hxg5 32. hxg5 Rh8 33. Kb2 Ndc4+ 0-1

[Event "Reykjavik Open 2026"]
[Site "Reykjavik ISL"]
[Date "2026.03.30"]
[Round "8.10"]
[White "Sklokin, Sergey"]
[Black "Tari, Aryan"]
[Result "1/2-1/2"]
[WhiteTitle "FM"]
[BlackTitle "GM"]
[WhiteElo "2414"]
[BlackElo "2642"]
[WhiteFideId "55730230"]
[BlackFideId "1510045"]
[EventDate "2026.03.25"]

1. e4 c5 2. Nf3 Nc6 3. d4 cxd4 4. Nxd4 Nf6 5. Nc3 e5 6. Ndb5 d6 7. Bg5 a6 8. Na3
b5 9. Nd5 Be7 10. Bxf6 Bxf6 11. c3 O-O 12. Nc2 Be6 13. Be2 Bg5 14. O-O Ne7 15.
Nce3 g6 16. a4 Bxe3 17. Nxe3 Qb6 18. axb5 axb5 19. Qd3 b4 20. Ra6 Rxa6 21. Qxa6
Qxa6 22. Bxa6 Ra8 23. Bc4 Bxc4 24. Nxc4 bxc3 25. bxc3 Rc8 26. Nxd6 Rxc3 27. Ra1
Rc6 28. Rd1 Rc7 29. g3 Rd7 30. Rd2 Nc8 31. Nc4 Rxd2 32. Nxd2 Nd6 33. Kg2 f6 34.
f3 Kf7 35. Kf2 Ke6 36. Ke3 h5 37. f4 exf4+ 38. gxf4 g5 39. fxg5 fxg5 40. Nf3 Nf7
41. h4 gxh4 42. Nxh4 Ne5 43. Kf4 Kf6 44. Nf3 Nxf3 45. Kxf3 Ke5 46. Kg3 Ke6 47.
e5 Kf5 48. Kh4 Kg6 49. e6 Kf6 50. Kxh5 Ke7 51. Kg6 Kxe6 1/2-1/2

[Event "Reykjavik Open 2026"]
[Site "Reykjavik ISL"]
[Date "2026.03.30"]
[Round "8.11"]
[White "Maurizzi, MarcAndria"]
[Black "Makkar, Rajat"]
[Result "1/2-1/2"]
[WhiteTitle "GM"]
[BlackTitle "IM"]
[WhiteElo "2614"]
[BlackElo "2418"]
[WhiteFideId "36083534"]
[BlackFideId "36016810"]
[EventDate "2026.03.25"]

1. e4 e5 2. Nf3 Nf6 3. Nxe5 d6 4. Nf3 Nxe4 5. d4 d5 6. Bd3 Bf5 7. O-O Be7 8. Re1
Nc6 9. c4 O-O 10. Nc3 Nxc3 11. bxc3 Bxd3 12. Qxd3 dxc4 13. Qxc4 Qd7 14. Rb1 b6
15. Qb5 Rad8 16. Bf4 Bd6 17. Bxd6 Qxd6 18. Re2 Qd5 19. Qa4 Rfe8 20. Rbe1 Rxe2
21. Rxe2 b5 22. Qc2 g6 23. h4 Kg7 24. Re3 a5 25. Qe2 a4 26. a3 Rd6 27. Ng5 b4
28. cxb4 Nxd4 29. Qb2 c5 30. Re7 Qb3 31. Qa1 cxb4 32. axb4 Kg8 33. Re8+ Kg7 34.
Re7 Kg8 35. Kh2 Qxb4 36. Nxf7 Rf6 37. Nh6+ Kf8 38. Re4 Qd6+ 39. g3 Rxf2+ 40. Kh3
Qd7+ 41. Ng4 h5 42. Qxd4 hxg4+ 1/2-1/2